000
00317nam a2200133Ia 4500
008
191201s1980 xx 000 0 und d
082
_a
677.85
_b
PAT
100
_a
Paper Presanted
245
0
_a
Textile Printing
260
_a
N.Delhi
_b
Mahajan Brother
_c
1980
300
_a
176
650
_a
B.Tech(TE)
942
_2
ddc
_c
BK
999
_c
2277
_d
2277